Creacin̤ de valor en las empresas familiares colombianas ld̕eres sociales y empresariales /

Detalles Bibliográficos
Autor principal: Vľez Montes, Diego
Otros Autores: Orozco Collazos, Luz Elena, Gonzl̀ez Couture, Gustavo
Formato: eBook
Lenguaje:español
Publicado: Bogot:̀ Universidad de Los Andes (Colombia), 2018
Materias:
Acceso en línea:Acceso restringido

MARC

LEADER 00000nam a22000007a 4500
005 20190704131240.0
007 cr|||| ||||
008 190704s2018 co |||||s|||| 00||0 spa d
020 |a 978-958-774-762-1 
035 |a 23830 
040 |a vLex 
090 |c 8996  |d 8996 
100 1 |a Vľez Montes, Diego 
245 1 0 |a Creacin̤ de valor en las empresas familiares colombianas  |h [Recurso electrn̤ico] :  |b ld̕eres sociales y empresariales /  |c Diego Vľez Montes, Luz Elena Orozco Collazos, Gustavo Gonzl̀ez Couture 
256 |a Servicio en ln̕ea 
260 |a Bogot:̀  |b Universidad de Los Andes (Colombia),  |c 2018 
300 |a 1 recurso electrn̤ico 
506 1 |a Disponible solo en los productos indicados  |d vLex Global  |d vLex Global (Academic Edition, excluding Law Schools)  |d vLex Global (U.S. Academic Edition, Law Schools)  |d vLex Global (U.S. Academic Edition, excluding Law Schools)  |d vLex Global (Academic Edition, Law Schools) 
650 0 4 |a Economa̕ y negocios  |z Colombia 
700 1 |a Orozco Collazos, Luz Elena 
700 1 |a Gonzl̀ez Couture, Gustavo 
740 0 |a vLex Libros (Servicio en ln̕ea) 
856 4 0 |u http://vlex.com/source/creacion-valor-empresas-familiares-colombianas-lideres-sociales-empresariales-23830  |z Acceso restringido 
942 |c BOOK 
999 0 |a Economy and business